000
00333 a2200157 4500
001
59831
020
_a
3907055292
040
_c
Anchieta - Pituba
100
_a
Pfarr, Bernd
240
1
0
_a
Alex der rabe
_l
por
245
1
0
_a
Alex der rabe
300
_a
40
362
0
_a
1999
650
4
_a
Literatura juvenil em alemão
942
_c
BK
999
_c
59831
_d
59831